Statistics for Countries Closest to Somalia

Click here to take the quiz!

General Stats

  • This quiz has been taken 110 times
  • The average score is 18 of 20

Answer Stats

km country miles % Correct
0Kenya0
98%
0Ethiopia0
98%
749Sudan465
97%
597South Sudan371
96%
133Yemen83
96%
666Uganda414
94%
0Djibouti0
94%
117Eritrea72
94%
571Oman355
93%
550Saudi Arabia341
91%
425Tanzania264
91%
1082Dem Rep Congo672
91%
1135Rwanda705
88%
1155Burundi718
88%
1233United Arab Emirates766
81%
988Mozambique614
79%
1209Seychelles751
78%
1232Malawi766
76%
1098Comoros682
70%
1280Zambia795
69%

Score Distribution

Percentile by Number Answered

Percent of People with Each Score

Your Score History

You have not taken this quiz